000 00971nam a22003017a 4500
003 DO-SdBNP
005 20171120130934.0
008 160916b 1986 sp||||| |||| 00| 0 spa d
020 _a847208051X
040 _aBPMSU
_bspa
_cBPMSU
082 4 _aR615.535
_bS358n, 1986
100 _aSchneider, Ernst
245 1 0 _aNaturama :
_benciclopedia científica de medicina natural /
_cErnest Schneider ; presentación prof. Dr. M. Armijo
260 _aMadrid :
_b Editorial Safeliz,
_c1986
300 _av. :
_bil. :
_c26 cm
500 _aLa biblioteca posee el v.2
500 _aIncluye índice
500 _aIncluye índice
504 _aBibliografía p.: 875-891
505 _gv.2 -
_aLas enfermedades y sus posibilidades de tratamiento
650 4 _aNATUROPATIA
650 4 _aTERAPÉUTICA FISIOLÓGICA
700 1 2 _aArmino, M.
910 _aValidado. Control de calidad MFF
942 _2ddc
_cBK
945 _aInventariado, 2017/MFF
956 _adgarcia
999 _c11412
_d11412